Zgadnij dawne państwo po podpowiedzi - Statystyki

Ogólne statystyki
  • Ten quiz został rozwiązany 18 razy
  • Średni wynik to 7 z 15
Statystyki odpowiedzi
Podpowiedź Państwo % Poprawnych
Rozpadła się pokojowo w 1993 roku na dwa inne państwa. Czechosłowacja
82%
Po jego rozpadnięciu powstało siedem dzisiejszych państw Jugosławia
82%
Był największym państwem świata pod względem powierzchni po II wojnie światowej. Związek Radziecki
73%
Miało sieć dróg o długości ponad 400 tys. km. Cesarstwo Rzymskie
64%
To imperium było tak rozległe, że „słońce nigdy nad nim nie zachodziło”. Imperium Brytyjskie
64%
To państwo kontrolowało kiedyś Brazylię, Angolę i część Indii. Imperium Portugalskie
64%
Przywiozło do Europy ogromne ilości złota i srebra z Ameryki. Imperium Hiszpańskie
55%
Formalnie mieszkańcy nazywali siebie dalej Rzymianami, mimo że mówili głównie po grecku. Bizancjum
45%
Istniała tylko 12 lat, ale wywołała największy konflikt w historii świata. III Rzesza
45%
Istniało ponad 600 lat i kontrolowało trzy kontynenty. Imperium Osmańskie
27%
Rozpadła się pokojowo w 1945 roku na dwa inne państwa. Korea
18%
Były znane z wyjątkowo surowej dyscypliny wojskowej. Prusy
18%
Początkowo miało własną konstytucję i armię pod kontrolą Rosji. Królestwo Polskie
9%
Przez długi czas pozostawał bardzo odizolowany od świata. Tybet
9%
Istniała tylko podczas wojny secesyjnej. Konfederacja Stanów Ameryki
0%
Nie znaleziono quizów pasujących do podanych kryteriów
Rozkład punktacji
Procent ludzi z każdym wynikiem
Percentyl według liczby udzielonych odpowiedzi
Twoja historia wyników
Nie rozwiązałeś tego quizu